Niektoré výsledky analýzy výchovy v čase mimo vyučovania v SR 2. časť

Bibliographic Details
Main Author: Sobihardová, Ľubica (Author)
Format: Article
Language:Slovak
ISSN:0139-6919
Subjects:

MARC

LEADER 00000nab a2200000 a 4500
001 vtls000811893
003 SK-MaSNL
005 20260304113942.0
008 250429c2002 xo 0 slo
015 |a SNBRB2002/11-34163 
035 |a CLN000163548 
035 |a urn:nbn:sk:snk-abd4eh 
035 |a (urnnbn)urn:nbn:sk:snk:ar-007f4m 
035 |a (uuid)9d13dd47-56fc-45c5-a63c-56e6b1cf9ed5 
040 |a SNKBUCL  |b slo  |c SNKBUCL  |e AACR2 
041 0 |a slo 
044 |a xo  |c SK 
080 |a 374.3  |2 1997 
100 1 |a Sobihardová, Ľubica  |4 aut  |9 9094 
245 1 0 |a Niektoré výsledky analýzy výchovy v čase mimo vyučovania v SR  |n 2. časť  |c Ľubica Sobihardová 
650 0 7 |a výchova mimo vyučovania  |2 snkbucl  |9 872201 
655 7 |a články z novín a časopisov  |2 snkbucl  |9 267496 
773 0 |t Vychovávateľ  |g Roč. 48, č. 2 (2002), s. 12-15  |x 0139-6919 
850 |a Slovenská národná knižnica 
852 |a Slovenská národná knižnica 
954 |a odborná, vedecká literatúra pôvodná (slovenská)  |2 lita 
958 |a article17 
958 |a OND 
958 |a SK 
958 |a EUIPO 
992 |a RBX 
999 |c 2871333  |d 2873263